000 00683nam a2200205 4500
001 126407
003 ES-MaACL
005 20230906192820.0
007 t|
008 070214s1956 sp r ||||1| spa d
100 1 _aRenoirte, Fernand.
_996230
245 1 0 _aElementos de crítica de las ciencias y Cosmología /
_cFernand Renoirte ; [versión castellana de Rafael Martínez Ferri].
260 _aMadrid :
_bGredos,
_c1956.
300 _a273 p. ;
_c19 cm.
490 1 _aBiblioteca hispánica de Filosofía
700 1 _aMartínez Ferri, Rafael.
_978084
830 0 _aBiblioteca hispánica de Filosofía
_9181000
852 _aES-MaACL
_jC-12061
_bR.40014
999 _c126407
_d126407